Statistics for Hollyoaks Deaths

Click here to take the quiz!

General Stats

  • This quiz has been taken 505 times
  • The average score is 11 of 30

Answer Stats

HintAnswer% Correct
Hit by Car2008Max Cunningham
63%
Pushed out of Window2013Texas Longford
59%
Hit with Shovel2013Paul Browning
50%
Explosion2013Doug Carter
49%
Fire2010Steph Cunningham
49%
Strangled2010India Longford
45%
Crushed2012Maddie Morrison
44%
Pushed infront of Train2013Simon Walker
44%
Crushed/Loss of too much blood2012Rhys Ashworth
43%
Strangled2012Lindsey Nolan
40%
Shot2010Calvin Valentine
39%
Strangled2011Heidi Costello
39%
Internal Bleeding2013Leanne Holliday
39%
Strangled2011Rae Wilson
39%
Stabbed with Samurai Sword2013Callum Kane
37%
Shot2012Riley Costello
35%
Blood Clot2012Jono Johnson
34%
Explosion2013Ash Kane
33%
Hit by Car2013Clare Devine
33%
Shot2014Fraser Black
33%
Car Crash2012Neil Cooper
30%
Forced Drowning2013Anna Blake
29%
Assisted Suicide2013Pauline Hay
29%
Stabbed2014Jim McGinn
28%
Strangled2011Rebecca Massey
28%
Heart Condition2014Katy O'Connor
26%
Explosion/Coma2010Malachy Fisher
26%
Attacked2010Danny Houston
21%
Shot2008Louise Summers
20%
Shot2013Seamus Brady
19%

Score Distribution

Percentile by Number Answered

Percent of People with Each Score

Your Score History

You have not taken this quiz